Cereal cyst nematode (Heterodera avenae Woll.) : studies on ecology and control in Victoria /

Uloženo v:
Podrobná bibliografie
Hlavní autor: Meagher, J. W. (John William), 1928-
Korporativní autor: Victoria. Dept. of Agriculture
Médium: Kniha
Jazyk:English
Vydáno: [Melbourne] : Dept. of Agriculture Vic., 1972.
Edice:Technical bulletin (Victoria. Dept. of Agriculture) ; no. 24.
Témata:
LEADER 01259cam a2200313 a 4500
001 c000262936
003 CARM
005 20070620110339.0
008 950505s1972 vraab b 000 0 eng d
019 1 |a 11179260  |5 LACONCORD2021 
035 |a (OCoLC)221505775  |5 LACONCORD2021 
040 |a VSL  |b eng  |c VSL  |d ANL 
042 |a anuc 
043 |a u-at-vi 
082 0 4 |a 632.65182  |2 20 
100 1 |a Meagher, J. W.  |q (John William),  |d 1928- 
245 1 0 |a Cereal cyst nematode (Heterodera avenae Woll.) :  |b studies on ecology and control in Victoria /  |c J.W. Meagher. 
260 |a [Melbourne] :  |b Dept. of Agriculture Vic.,  |c 1972. 
300 |a 50 leaves :  |b ill., map ;  |c 26 cm. 
490 1 |a Technical bulletin / Dept. of Agriculture, Vic. ;  |v no. 24 
500 |a Cover title. 
504 |a Bibliography: p. 45-50. 
650 0 |a Heterodera avenae. 
650 0 |a Nematode diseases of plants  |z Victoria. 
710 1 |a Victoria.  |b Dept. of Agriculture. 
830 0 |a Technical bulletin (Victoria. Dept. of Agriculture) ;  |v no. 24. 
852 8 |b CARM  |h A1:AP32E0  |i F02204  |p 0377277  |f BK 
999 f f |i 415e934c-5b09-562b-a807-38bf6def8ab5  |s ebbdfc72-5789-59bd-82c6-83994fc89718 
952 f f |p Can circulate  |a CAVAL  |b CAVAL  |c CAVAL  |d CARM 1 Store  |e F02204  |f A1:AP32E0  |h Other scheme  |i book  |m 0377277